| Tag |
First Indicator |
Second Indicator |
Subfields |
| LEADER |
00000cam a22000008a 4500 |
| 001 |
in00002786764 |
| 005 |
20151202171640.0 |
| 008 |
120406s2012 nyu b 001 0 eng |
| 010 |
|
|
|a 2012013791
|
| 020 |
|
|
|a 9780871546333 (pbk. : alk. paper)
|
| 020 |
|
|
|a 0871546337 (pbk. : alk. paper)
|
| 035 |
|
|
|a (OCoLC)ocn786161693
|
| 035 |
|
|
|a (OCoLC)786161693
|
| 040 |
|
|
|a DLC
|b eng
|c DLC
|d YDXCP
|d OCLCO
|d ABF
|d BWX
|d UtOrBLW
|
| 042 |
|
|
|a pcc
|
| 043 |
|
|
|a n-us---
|a ew-----
|
| 049 |
|
|
|a TXAM
|
| 050 |
0 |
0 |
|a JV6475
|b .C42 2012
|
| 082 |
0 |
0 |
|a 305.9/06912094
|2 23
|
| 245 |
0 |
4 |
|a The changing face of world cities :
|b the second generation in Western Europe and the United States /
|c Maurice Crul and John Mollenkopf, editors.
|
| 263 |
|
|
|a 1207
|
| 264 |
|
1 |
|a New York :
|b Russell Sage Foundation,
|c [2012]
|
| 264 |
|
4 |
|c ©2012
|
| 300 |
|
|
|a xviii, 304 pages ;
|c 23 cm.
|
| 336 |
|
|
|a text
|b txt
|2 rdacontent
|
| 337 |
|
|
|a unmediated
|b n
|2 rdamedia
|
| 338 |
|
|
|a volume
|b nc
|2 rdacarrier
|
| 504 |
|
|
|a Includes bibliographical references and index.
|
| 505 |
0 |
|
|a The second generation / Maurice Crul and John Mollenkopf-- Legacies of the past / Nancy Foner and Leo Lucassen -- National conceptions of assimilation, intergration, and cohesion / Richard Alba, Jeffrey G. Reitz, and Patrick Simon -- Success against all odds / Maurice Crul, Min Zhou, Jennifer Lee, Philipp Schnell, and Elif Keskiner -- Entering the labor market / Liza Reisel, Laurence Lessard-Phillips, and Philip Kazinitz -- Immigrants' daughters and the labor market / Thomas Soehl, Rosita Fibbi, and Constanza Vera-Larrucea -- Neighborhoods and perceptions of disorder / Van C. Tran, Susan K. Brown, and Jens Schneider -- Citizenship and participation / Barbara Herzog-Punzenberger, Rosita Fibbi, Constanza Vera-Larrucea, Louis DeSipio, and John Mollenkopf -- Beloning / Jens Schneider, Leo Chvez, Louis DeSipio, and Mary Waters -- Challenges and oportunities / Maurice Crul and John Mollenkopf.
|
| 650 |
|
0 |
|a Americanization.
|
| 650 |
|
0 |
|a Immigrants
|x Cultural assimilation
|z Europe, Western.
|
| 650 |
|
0 |
|a Children of immigrants
|z United States
|x Social conditions.
|
| 650 |
|
0 |
|a Children of immigrants
|z United States
|x Economic conditions.
|
| 650 |
|
0 |
|a Children of immigrants
|z Europe, Western
|x Social conditions.
|
| 650 |
|
0 |
|a Children of immigrants
|z Europe, Western
|x Economic conditions.
|
| 650 |
|
0 |
|a Group identity
|z United States.
|
| 650 |
|
0 |
|a Group identity
|z Europe, Western.
|
| 700 |
1 |
|
|a Crul, Maurice.
|
| 700 |
1 |
|
|a Mollenkopf, John H.,
|d 1946-
|
| 938 |
|
|
|a YBP Library Services
|b YANK
|n 8768437
|
| 938 |
|
|
|a Blackwell Book Service
|b BBUS
|n 8768437
|
| 947 |
|
|
|a A14836011159
|
| 945 |
|
|
|a PromptCat
|b 115751
|
| 946 |
|
|
|a stk
|
| 994 |
|
|
|a 92
|b TXA
|
| 948 |
|
|
|a Cataloged
|b h
|c 2012/12/5
|d c
|e EGrant
|
| 999 |
|
|
|a MARS
|
| 999 |
f |
f |
|s a3a22b68-9354-3c33-bdaf-0a813e0ad8c3
|i acc6b037-423e-3dfa-8fbe-c3d12ddaf21d
|t 0
|
| 952 |
f |
f |
|p ric
|a Texas A&M University
|b Rellis Campus
|c Joint Library Facility
|d Remote Storage
|t 0
|e JV6475 .C42 2012
|h Library of Congress classification
|i unmediated -- volume
|m A14836011159
|
| 998 |
f |
f |
|a JV6475 .C42 2012
|t 0
|l Remote Storage
|